000
00258nam a22001097a 4500
082
_a
808 PRO'K
100
_a
STREETER, ROBERT E,KEAST, WILLIAM R
_9
57935
245
_a
THE PROVINCE OF PROSE
260
_a
NEWYORK
_b
HARPER
_c
1956
300
_a
801P
942
_c
BK
999
_c
568175
_d
568175